000 00471nam a2200217Ia 4500
001 110568
003 YMCAF
005 20230512162421.0
008 100717s2003 ||||||||||||||||| ||und|d
024 _a110568
035 _aWB1555
040 _aYMCAF
_beng
_cIN-KoLT
041 _aeng
082 _a621.31
_bELG
100 _aElgerd, Olle I
245 0 _aElectric energy system theory
250 _a2nd
260 _bTMH
_c2003
300 _a533
942 _2ddc
_cBK
999 _c11875
_d11875